Mobile DNA (Record no. 10846)

MARC details
000 -LEADER
fixed length control field 00613nam a22001937a 4500
005 - DATE AND TIME OF LATEST TRANSACTION
control field 20100310153336.0
008 - FIXED-LENGTH DATA ELEMENTS--GENERAL INFORMATION
fixed length control field 100310t xxu||||| |||| 00| 0 eng d
020 ## - INTERNATIONAL STANDARD BOOK NUMBER
International Standard Book Number 1555810055
080 ## - UNIVERSAL DECIMAL CLASSIFICATION NUMBER
Universal Decimal Classification number R 577.215
Item number BER
100 ## - MAIN ENTRY--PERSONAL NAME
Personal name Berg, Dougles [Ed.]
245 ## - TITLE STATEMENT
Title Mobile DNA
260 ## - PUBLICATION, DISTRIBUTION, ETC. (IMPRINT)
Place of publication, distribution, etc Washington
Name of publisher, distributor, etc American society for microbiology
Date of publication, distribution, etc 1989
300 ## - PHYSICAL DESCRIPTION
Extent 972p.
500 ## - GENERAL NOTE
General note Includes Index
653 ## - INDEX TERM--UNCONTROLLED
Uncontrolled term DNA
-- Genetics
700 ## - ADDED ENTRY--PERSONAL NAME
Personal name Howe,Martha M.
942 ## - ADDED ENTRY ELEMENTS (KOHA)
item type Reference
260 ## - PUBLICATION, DISTRIBUTION, ETC. (IMPRINT)
-- 11112
Holdings
Lost status Source of classification or shelving scheme Not for loan Home library Current library Shelving location Date acquired Total Checkouts Full call number Barcode Date last seen Price effective from Koha item type
  Universal Decimal Classification Not For Loan University Library University Library Reference 10/03/2010   R 577.215 BER 00039477 10/03/2010 10/03/2010 Books
University Library, CUSAT